100 biggest cities in Ohio by population - Statistics

General Stats
  • This quiz has been taken 22 times
  • The average score is 38 of 100
Answer Stats
City % Correct
Cincinnati
100%
Cleveland
100%
Columbus
100%
Toledo
100%
Akron
94%
Dayton
88%
Hamilton
76%
Canton
71%
Sandusky
71%
Springfield
71%
Elyria
65%
Lorain
65%
Mansfield
65%
Parma
65%
Athens
59%
Bowling Green
53%
Cleveland Heights
53%
Cuyahoga Falls
53%
Lima
53%
Marion
53%
Middletown
53%
Warren
53%
Delaware
47%
Euclid
47%
Findlay
47%
Green
47%
Grove City
47%
Kettering
47%
Xenia
47%
Zanesville
47%
Ashland
41%
Chillicothe
41%
Huber Heights
41%
Reynoldsburg
41%
Shaker Heights
41%
Strongsville
41%
Upper Arlington
41%
Wooster
41%
Youngstown
41%
Dublin
35%
Fairfield
35%
Gahanna
35%
Kent
35%
Lakewood
35%
Massillon
35%
Medina
35%
Newark
35%
Pickerington
35%
Stow
35%
Westlake
35%
Alliance
29%
Avon
29%
Avon Lake
29%
Brunswick
29%
Hilliard
29%
Hudson
29%
Marysville
29%
Mason
29%
Mentor
29%
Oregon
29%
Oxford
29%
Perrysburg
29%
Westerville
29%
Whitehall
29%
Barberton
24%
Broadview Heights
24%
Centerville
24%
Garfield Heights
24%
Lancaster
24%
Lebanon
24%
Mayfield Heights
24%
North Olmsted
24%
Norwood
24%
Parma Heights
24%
Piqua
24%
Sidney
24%
South Euclid
24%
Trotwood
24%
Twinsburg
24%
Beavercreek
18%
Forest Park
18%
Maple Heights
18%
Miamisburg
18%
Painesville
18%
Rocky River
18%
Solon
18%
Springboro
18%
Sylvania
18%
Troy
18%
Wadsworth
18%
Austintown
12%
Fairborn
12%
Niles
12%
North Ridgeville
12%
North Royalton
12%
Pataskala
12%
Riverside
12%
Tallmadge
12%
White Oak
12%
Willoughby
12%
No matching quizzes found
Score Distribution
Percent of People with Each Score
Percentile by Number Answered
Your Score History
You have not taken this quiz